Yêu cầu thể hiện các tác phẩm viết cho piano của Ludwid Van Beethoven /

Kaydedildi:
Detaylı Bibliyografya
Yazar: Trịnh Minh Trang.
Materyal Türü: Makale
Dil:Vietnamese
Konular:
Etiketler: Etiketle
Etiket eklenmemiş, İlk siz ekleyin!
Thư viện lưu trữ: Thư viện Trường Đại học Đà Lạt
LEADER 00794nam a2200265 4500
001 DLU180186828
005 ##20180906
040 # # |a DLU  |b vie 
041 # # |a vie 
044 # # |a vn 
100 # # |a Trịnh Minh Trang. 
245 # # |a Yêu cầu thể hiện các tác phẩm viết cho piano của Ludwid Van Beethoven /  |c Trịnh Minh Trang. 
653 # # |a Beethoven 
653 # # |a Người nghệ sĩ 
653 # # |a Nghệ thuật biểu diễn 
653 # # |a Piano 
773 # # |t Văn hoá Nghệ thuật  |g Số 398, 2017, tr. 130-131 
920 # # |a Phòng Tạp chí -- Trung tâm Thông tin - Thư viện Trường Đại học Đà Lạt 
900 # # |a True 
911 # # |a Hoàng Thị Huyền 
925 # # |a G 
926 # # |a A 
927 # # |a BB 
980 # # |a Thư viện Trường Đại học Đà Lạt